| 000 | 00405nam a22001337a 4500 | ||
|---|---|---|---|
| 082 |
_a625.84 _bSOO. _cN-1, P-103. |
||
| 100 |
_aSood, Hemant. _943876 |
||
| 245 |
_aLaboratory manual on concrete technology. _cHemant Sood. |
||
| 260 |
_aIndia. _bCBS Publishers & Distributors. _c2003. |
||
| 300 |
_axiv, 148 p.: _bill: |
||
| 526 |
_a0 _b0 _c0 _d625_840000000000000_SOO |
||
| 650 |
_aNUST _96342 |
||
| 942 |
_2ddc _cBK |
||
| 999 |
_c547736 _d547736 |
||